Statistics for Famous voice actors in Mass Effect

Click here to take the quiz!

General Stats

  • This quiz has been taken 36 times
  • The average score is 9 of 20

Answer Stats

CharacterVoice actor% Correct
Commander Shepard (female)Jennifer Hale
86%
Illusive ManMartin Sheen
86%
Jeff "Joker" MoreauSeth Green
86%
Commander Shepard (male)Mark Meer
68%
David AndersonKeith David
64%
Aria T'LoakCarrie-Anne Moss
57%
James VegaFreddie Prinze
57%
Miranda LawsonYvonne Strahovski
57%
Diana AllersJessica Chobot
46%
EDITricia Helfer
43%
Kal'ReegarAdam Baldwin
32%
Daro'Xen vas MorehClaudia Black
32%
Steven HackettLance Henriksen
32%
Kaidan AlenkoRaphael Sbarge
29%
Ashley WilliamsKimberly Brooks
25%
Armando-Owen BaileyMichael Hogan
21%
Matriarch BeneziaMarina Sirtis
18%
Gatatog UvenkMichael Dorn
14%
Henry LawsonAlan Dale
7%
Shala'Raan vas TonbayShohreh Aghdashloo
7%

Score Distribution

Percentile by Number Answered

Percent of People with Each Score

Your Score History

You have not taken this quiz